Hồ Chí Minh với văn nghệ sĩ văn nghệ sĩ với Hồ Chí Minh T.7 Tác phẩm văn học nghệ thuật về Hồ Chí Minh

Gồm những bài thơ của các nhà văn, các nghệ sĩ Việt Nam viết về Bác Hồ

Αποθηκεύτηκε σε:
Λεπτομέρειες βιβλιογραφικής εγγραφής
Άλλοι συγγραφείς: Hữu Thỉnh (ch.b.), Trung Trung Đỉnh (b.s.), Trần Quang Quý (b.s.), Phạm Sông Hồng (b.s.), Nguyễn Khắc Trường (b.s.)
Μορφή: Βιβλίο
Γλώσσα:Vietnamese
Έκδοση: H. Nxb. Hội Nhà văn 2010
Θέματα:
Ετικέτες: Προσθήκη ετικέτας
Δεν υπάρχουν, Καταχωρήστε ετικέτα πρώτοι!
Thư viện lưu trữ: Mạng thư viện Đại học Đà Nẵng
LEADER 01636nam a2200409 4500
001 000018149
003 14576
005 20130911090905.0
008 130911s2010 viesd
041 0 |a vie 
082 |a 335.4346  |b HÔ-M 
245 1 0 |a Hồ Chí Minh với văn nghệ sĩ văn nghệ sĩ với Hồ Chí Minh  |c B.s.: Hữu Thỉnh (ch.b.), Trung Trung Đỉnh, Trần Quang Quý...  |n T.7  |p Tác phẩm văn học nghệ thuật về Hồ Chí Minh 
260 |a H.  |b Nxb. Hội Nhà văn  |c 2010 
300 |a 639 tr.  |b ảnh  |c 24 cm. 
504 |a Thư mục: tr. 623-639 
520 |a Gồm những bài thơ của các nhà văn, các nghệ sĩ Việt Nam viết về Bác Hồ 
653 |a Hồ Chí Minh 
653 |a Lãnh tụ cách mạng, chính trị gia 
653 |a 1890-1969 
653 |a Việt Nam 
653 |a Văn nghệ sĩ 
700 |a Hữu Thỉnh  |e ch.b. 
700 |a Trung Trung Đỉnh  |e b.s. 
700 |a Trần Quang Quý  |e b.s. 
700 |a Phạm Sông Hồng  |e b.s. 
700 |a Nguyễn Khắc Trường  |e b.s. 
773 |t Hồ Chí Minh với văn nghệ sĩ văn nghệ sĩ với Hồ Chí Minh  |w 4952 
OWN |a LSP 
AVA |a UDN50  |b LSP  |d 335.4346 HÔ-M  |e available  |t Error 5001 Not defined in file expand_doc_bib_avail.  |f 10  |g 0  |h N  |i 0  |k 1 
999 |a From the UDN01 
AVA |a UDN50  |b LSP  |d 335.4346 HÔ-M  |e available  |t Error 5001 Not defined in file expand_doc_bib_avail.  |f 10  |g 0  |h N  |i 0  |k 1 
TYP |a Monograph 
TYP |a Printed language 
980 |a Mạng thư viện Đại học Đà Nẵng